Uznawane, nieuznawane państwa i terytoria świata - Statystyki

Ogólne statystyki
  • Ten quiz został rozwiązany 35 442 razy
    16 812 od ostatniego zresetowania
  • Średni wynik to 133 z 247
Odpowiedzi na mapie
Odpowiedzi zakodowano w zielono-czerwonej skali na mapie do tego quizu, zgodnie z poniższymi procentami.
 
Statystyki odpowiedzi
Państwo % Poprawnych
Grenlandia
79%
Stany Zjednoczone
78%
Kanada
75%
Polska
73%
Rosja
73%
Meksyk
72%
Dania
71%
Islandia
70%
Kosowo
70%
Francja
69%
Niemcy
69%
Wielka Brytania
69%
Brazylia
68%
Chiny
68%
Hiszpania
68%
Irlandia
68%
Norwegia
68%
Portugalia
68%
Szwecja
68%
Ukraina
68%
Argentyna
67%
Białoruś
67%
Czechy
67%
Estonia
67%
Finlandia
67%
Litwa
67%
Łotwa
67%
Turcja
67%
Włochy
67%
Australia
66%
Austria
66%
Belgia
66%
Chile
66%
Grecja
66%
Holandia
66%
Indie
66%
Japonia
66%
Kuba
66%
Rumunia
66%
Słowacja
66%
Szwajcaria
66%
Albania
65%
Bośnia i Hercegowina
65%
Bułgaria
65%
Chorwacja
65%
Cypr
65%
Egipt
65%
Kazachstan
65%
Korea Północna
65%
Mołdawia
65%
Mongolia
65%
Palestyna
65%
Serbia
65%
Słowenia
65%
Węgry
65%
Wyspy Owcze
65%
Arabia Saudyjska
64%
Dominika
64%
Irak
64%
Iran
64%
Izrael
64%
Kolumbia
64%
Korea Południowa
64%
Macedonia Północna
64%
Madagaskar
64%
Malta
64%
Maroko
64%
Peru
64%
Republika Południowej Afryki
64%
Tajwan
64%
Urugwaj
64%
Wenezuela
64%
Boliwia
63%
Czarnogóra
63%
Dominikana
63%
Gruzja
63%
Indonezja
63%
Luksemburg
63%
Nowa Zelandia
63%
Oman
63%
Panama
63%
Algieria
62%
Demokratyczna Republika Konga
62%
Ekwador
62%
Filipiny
62%
Gujana
62%
Haiti
62%
Niger
62%
Pakistan
62%
Paragwaj
62%
Tajlandia
62%
Wietnam
62%
Zjednoczone Emiraty Arabskie
62%
Afganistan
61%
Armenia
61%
Azerbejdżan
61%
Jemen
61%
Libia
61%
Nepal
61%
Nigeria
61%
Sudan
61%
Syria
61%
Tunezja
61%
Uzbekistan
61%
Watykan
61%
Jamajka
60%
Katar
60%
Kirgistan
60%
Kongo
60%
Laos
60%
Liechtenstein
60%
Malezja
60%
Papua-Nowa Gwinea
60%
San Marino
60%
Somalia
60%
Sri Lanka
60%
Tadżykistan
60%
Turkmenistan
60%
Andora
59%
Bahamy
59%
Bangladesz
59%
Czad
59%
Etiopia
59%
Honduras
59%
Jordania
59%
Kostaryka
59%
Liban
59%
Sudan Południowy
59%
Surinam
59%
Angola
58%
Gwatemala
58%
Gwinea
58%
Kambodża
58%
Kenia
58%
Mjanma
58%
Nikaragua
58%
Belize
57%
Bhutan
57%
Kuwejt
57%
Mali
57%
Monako
57%
Salwador
57%
Erytrea
56%
Gujana Francuska
56%
Malediwy
56%
Republika Zielonego Przylądka
56%
Senegal
56%
Wybrzeże Kości Słoniowej
56%
Zambia
56%
Gwinea Równikowa
55%
Lesotho
55%
Mauretania
55%
Mozambik
55%
Tanzania
55%
Togo
55%
Zimbabwe
55%
Ghana
54%
Mikronezja
54%
Republika Środkowoafrykańska
54%
Sahara Zachodnia
54%
Seszele
54%
Uganda
54%
Wyspy Świętego Tomasza i Książeca
54%
Bahrajn
53%
Botswana
53%
Eswatini
53%
Fidżi
53%
Kamerun
53%
Liberia
53%
Namibia
53%
Dżibuti
52%
Gabon
52%
Gwinea Bissau
52%
Kiribati
52%
Rwanda
52%
Singapur
52%
Wyspy Marshalla
52%
Benin
51%
Burkina Faso
51%
Gambia
51%
Timor Wschodni
51%
Trynidad i Tobago
51%
Komory
50%
Malawi
50%
Mauritius
50%
Palau
50%
Wyspy Salomona
50%
Barbados
49%
Brunei
49%
Burundi
49%
Saint Lucia
49%
Samoa
49%
Sierra Leone
49%
Vanuatu
49%
Saint Kitts i Nevis
48%
Saint Vincent i Grenadyny
48%
Falklandy
47%
Nauru
47%
Tonga
47%
Tuvalu
47%
Antigua i Barbuda
46%
Cypr Północny
45%
Grenada
44%
Portoryko
43%
Naddniestrze
42%
Somaliland
38%
Gibraltar
37%
Abchazja
36%
Bermudy
36%
Svalbard i Jan Mayen
36%
Hongkong
35%
Osetia Południowa
35%
Wyspa Man
35%
Brytyjskie Wyspy Dziewicze
34%
Polinezja Francuska
34%
Wyspy Dziewicze Stanów Zjednoczonych
32%
Wyspa Świętej Heleny, Wyspa Wniebowstąpienia i Tristan da Cunha
31%
Nowa Kaledonia
30%
Reunion
29%
Wyspa Bożego Narodzenia
29%
Aruba
28%
Guam
28%
Curaçao
27%
Martynika
27%
Samoa Amerykańskie
27%
Wyspy Cooka
26%
Makau
25%
Wyspy Kokosowe
25%
Jersey
24%
Kajmany
24%
Gwadelupa
23%
Guernsey
21%
Mariany Północne
21%
Niue
21%
Turks i Caicos
20%
Antyle Holenderskie
19%
Anguilla
18%
Norfolk
18%
Saint Martin
18%
Sint Maarten
18%
Majotta
17%
Pitcairn
17%
Saint Pierre i Miquelon
16%
Tokelau
16%
Montserrat
15%
Wallis i Futuna
13%
Saint Barthélemy
10%
Nie znaleziono quizów pasujących do podanych kryteriów
Rozkład punktacji
Procent ludzi z każdym wynikiem
Percentyl według liczby udzielonych odpowiedzi
Twoja historia wyników
Nie rozwiązałeś tego quizu od ostatniego zresetowania